| Registos Bibliográficos associados ao registo de autoridade |
|
Etiqueta de registo: 00254nam 2200025 450 001 2171953 003 http://id.bnportugal.gov.pt/bib/catbnp/2171953 100 ## $a20240705d2023 k y0pory01030103ba 101 0# $aeng$dpor 102 ## $aPT 105 ## $aa m 000yy 106 ## $ar 200 1# $aAdaptação de modelos hidrológicos aos impactos pós-incêndio$dModel adaptation to post-fire hydrological impacts$fMarta Basso$gorient. Diana Vieira, Jan Jacob Keizer, Marcos Mateus$zeng 210 #9 $aAveiro$c[s.n.],$d2023 215 ## $a[24], XIII, 273 p.$cil.$d30 cm 328 #1 $aTese dout. Território, Risco e Políticas Públicas, Universidade de Aveiro, 2023 510 1# $aModel adaptation to post-fire hydrological impacts$zeng 675 ## $a556.01/.08(043)$vBN$zpor$31931196 675 ## $a614.841(043)$vBN$zpor$31351965 700 #1 $aBasso,$bMarta$31920790 702 #1 $aVieira,$bDiana$4727$31920976 702 #1 $aKeizer,$bJan Jacob$4727$31393951 702 #1 $92$aMateus,$bMarcos$4727$31920977 801 #0 $aPT$bBN$gRPC 966 ## $lBN$mFGMON$sS.A. 188915 V.$x1 971 ## $cssilva$d20240705 972 ## $d20241018$e0$vlrevez$z0 973 ## $cigoulao$d20241010
Etiqueta de registo: 00000nam 2200025 450 001 2280655 003 http://id.bnportugal.gov.pt/bib/catbnp/2280655 100 ## $a20260316d2025 k y0pory01030103ba 101 0# $aeng$dpor 102 ## $aPT 105 ## $aa m 000yy 106 ## $ar 200 1# $aDesenvolvimento de um processo integrado de apoio à política, e à tomada de decisão,
na gestão do solo florestal após incêndio$dIntegrated process development to support policy and decision-making processes in
forest soil management after fire$fAna Rita Brás Lopes$gorient. Diana Vieira, Sandra Valente, Jan Jacob Keizer$zeng 210 #9 $aAveiro$c[s.n.],$d2025 215 ## $a[10] f., IX, 173 p.$cil.$d30 cm 328 #1 $aTese dout. Território, Risco e Políticas Públicas, Universidade de Aveiro, 2025 510 1# $aIntegrated process development to support policy and decision-making processes in
forest soil management after fire$zeng 675 ## $a630*114(043)$vBN$zpor$31319011 675 ## $a351.82(043)$vBN$zpor$31733494 700 #1 $aLopes,$bAna Rita Brás$31991649 702 #1 $aValente,$bSandra$4727$31991652 702 #1 $aKeizer,$bJan Jacob$4727$31393951 702 #1 $aVieira,$bDiana$4727$31920976 801 #0 $aPT$bBN$gRPC 966 ## $lBN$mFGMON$sS.A. 193478 V.$x1 971 ## $corlando$d20260316 972 ## $e0$z0$d20260410$vasantos 973 ## $ctrodrigues$d20260408 975 ## $e0$d20260415$viquintas
|
|
|